[Event "54smm A Deutschnofen-Richter/Lask"]
[Site "?"]
[Date "2022.12.03"]
[Round "3.4"]
[White "Thurner, Markus"]
[Black "Bodrov, Timofey"]
[Result "1/2-1/2"]
[WhiteElo "1891"]
[BlackElo "2104"]
[PlyCount "98"]
[EventDate "2022.12.03"]

{[%evp 0,98,41,41,45,45,45,26,25,30,25,18,36,29,32,24,25,27,27,28,14,22,20,9,
14,3,4,4,4,4,14,1,-6,-4,-4,-21,-15,-34,5,-4,10,18,-50,-65 ,-64,-53,-65,-65,64,
12,32,40,28,53,73,43,75,75,78,76,140,127,127,109,97,107,130,78,213,213,269,223,
245,165,233,233,170,159,341, 299,527,522,551,551,574,574,562,562,602,602,602,
716,716,737,894,737,737,602,707,737,737]} 1. e4 c5 2. Nc3 e6 3. f4 Nc6 4. Nf3
Nf6 5. g3 d5 6. e5 Nd7 7. Bg2 Be7 8. O-O O-O 9. d3 Rb8 10. a4 a6 11. Qe2 b5 12.
axb5 axb5 13. Bd2 b4 14. Nd1 Nb6 15. Ne3 d4 16. Ng4 Nd5 17. b3 Bb7 18. Ng5 Nc3
19. Bxc3 dxc3 20. Ne4 Nd4 21. Qf2 f5 22. exf6 gxf6 23. f5 Kh8 24. Ne3 e5 25. g4
Rg8 26. h3 Ra8 27. Ng5 Rxg5 28. Bxb7 Rb8 29. Be4 c4 30. dxc4 Bc5 31. Rfe1 Qb6
32. Kh2 Rd8 33. Nd5 Qd6 34. Qh4 Rdg8 35. Ra2 h5 36. Kh1 Kg7 37. Rea1 Rh8 38.
Ra8 Rh6 39. R1a6 Nc6 40. Rc8 hxg4 41. Rg8+ Kxg8 42. Qxh6 Kf7 43. hxg4 Ba7 44.
Qh7+ Rg7 45. Qh5+ Kf8 46. Qh8+ Kf7 47. Qh5+ Kf8 48. Qh6 Kf7 49. Qh5+ Kf8
1/2-1/2

[Event "54smm A Deutschnofen-Richter/Lask"]
[Site "?"]
[Date "2022.12.03"]
[Round "3.5"]
[White "Bevilacqua, Maurizio"]
[Black "Tonina, Filippo"]
[Result "0-1"]
[WhiteElo "2084"]
[BlackElo "1953"]
[PlyCount "98"]
[EventDate "2022.12.03"]

{[%evp 0,98,40,23,82,55,74,58,75,75,76,79,65,63,55,35,8,1,4,23,9,15,70,76,61,
68,69,51,48,48,60,43,98,56,112,41,84,66,66,66,63,60,75,57 ,98,79,94,94,97,100,
109,109,84,63,55,44,41,71,80,68,93,87,98,104,93,103,113,120,129,130,148,85,154,
134,140,150,150,145,160,100, 92,100,121,120,155,111,155,155,162,156,240,255,
350,263,258,0,0,0,0,-377,-401]} 1. d4 d6 2. Nf3 Bg4 3. c4 Bxf3 4. exf3 g6 5.
Nc3 Bg7 6. Be3 e6 7. Qd2 Ne7 8. Bd3 Nbc6 9. Bc2 e5 10. d5 Nb8 11. f4 Nd7 12.
fxe5 Nxe5 13. Qe2 O-O 14. f4 Nd7 15. O-O f5 16. Rae1 Re8 17. Qf2 Nf6 18. h3 c6
19. dxc6 bxc6 20. Rd1 Qc7 21. Rd2 d5 22. Bb3 Kh8 23. Bd4 dxc4 24. Be5 Qb6 25.
Bxc4 Qxf2+ 26. Rfxf2 Rad8 27. Rxd8 Rxd8 28. Re2 Ned5 29. Nxd5 cxd5 30. Rd2 Rc8
31. Bb3 Rc1+ 32. Kh2 Ne4 33. Rxd5 Bxe5 34. fxe5 f4 35. Rd1 Rc7 36. e6 Nc5 37.
Bc4 Kg7 38. b4 Nb7 39. Bb3 Kf6 40. h4 h6 41. Rd3 g5 42. g3 Ke5 43. hxg5 hxg5
44. Rd5+ Ke4 45. Rxg5 f3 46. g4 Nd6 47. Kg3 Ke3 48. Bd5 f2 49. Kg2 Rc1 0-1

[Event "54smm A Deutschnofen-Richter/Lask"]
[Site "?"]
[Date "2022.12.03"]
[Round "3.6"]
[White "Gibitz, Othmar"]
[Black "Billio, Atto"]
[Result "0-1"]
[WhiteElo "1632"]
[BlackElo "2021"]
[PlyCount "44"]
[EventDate "2022.12.03"]

{[%evp 0,44,40,40,45,45,42,29,70,66,58,58,42,42,57,12,4,-6,-5,-21,1,-28,-23,
-50,-30,-29,-56,-16,-31,-30,-16,-8,4,-61,-64,-46,-44,-52,- 36,-45,-16,-19,-17,
-230,-228,-233,-238]} 1. e4 c5 2. Nc3 Nc6 3. Nge2 g6 4. d4 cxd4 5. Nxd4 Bg7 6.
Be3 Nf6 7. g3 O-O 8. Bg2 Ne5 9. O-O d6 10. h3 Bd7 11. Nd5 Nxd5 12. exd5 Nc4 13.
Qe2 Nxe3 14. Qxe3 Re8 15. c3 Qb6 16. Nb3 Qxe3 17. fxe3 Rec8 18. Kh2 a5 19. a3
Ra6 20. Rf2 a4 21. Bf1 axb3 22. Bxa6 bxa6 0-1

[Event "54smm A Ehrenburg-Klausen"]
[Site "?"]
[Date "2022.12.03"]
[Round "3.1"]
[White "Schacher, Gerd"]
[Black "Lerch, Johannes"]
[Result "1/2-1/2"]
[WhiteElo "2298"]
[BlackElo "2124"]
[PlyCount "69"]
[EventDate "2022.12.03"]

{[%evp 0,69,19,29,23,-14,-9,-21,-3,6,51,19,22,-1,17,17,20,16,53,15,17,-2,8,-5,
7,7,5,-30,50,30,28,-2,20,-15,-2,-6,-6,-4,0,-19,20,-12,1, -22,31,26,3,11,50,30,
26,3,-20,0,15,22,47,39,92,64,55,56,57,35,63,39,39,39,67,43,43,43]} 1. Nf3 d5 2.
c4 e6 3. e3 Nf6 4. Nc3 c6 5. b3 Nbd7 6. Qc2 Bd6 7. Bb2 O-O 8. Be2 b6 9. O-O Bb7
10. d4 Qe7 11. Rfe1 Rfe8 12. Rad1 Rad8 13. g3 e5 14. cxd5 cxd5 15. dxe5 Nxe5
16. Nxe5 Bxe5 17. Bb5 Rf8 18. Qf5 Bc8 19. Qb1 h5 20. Bf1 Bg4 21. Be2 Bxc3 22.
Bxc3 Ne4 23. Qd3 Ng5 24. Qd4 f5 25. Kg2 Qe4+ 26. Qxe4 dxe4 27. Bc4+ Kh8 28.
Rxd8 Rxd8 29. h4 Nf3 30. Rc1 a5 31. Ba6 Rd6 32. Bb5 Rd5 33. Bc4 Rd6 34. Bb5 Rd5
35. Bc4 1/2-1/2

[Event "54smm A Ehrenburg-Klausen"]
[Site "?"]
[Date "2022.12.03"]
[Round "3.2"]
[White "Hengl, Christian"]
[Black "Seebacher, Michael"]
[Result "0-1"]
[WhiteElo "2136"]
[BlackElo "2056"]
[PlyCount "104"]
[EventDate "2022.12.03"]

{[%evp 0,104,29,30,30,11,14,18,16,5,8,-13,-12,15,15,15,20,6,-5,3,19,9,7,14,31,
25,16,-6,-4,5,4,0,5,-27,-20,-43,-43,-169,-172,-170,-165, -161,-161,-165,-165,
-167,-167,-187,-192,-201,-228,-242,-231,-246,-312,-284,-284,-317,-405,-420,
-412,-415,-415,-414,-438,-441,-3 74,-366,-390,-402,-406,-402,-402,-397,-433,
-431,-439,-433,-455,-458,-104,-125,-106,-117,-167,-180,-328,-690,-424,-596,
-616,-838 ,-634,-869,-962,-962,-1011,-1012,-1012,-1012,-1011,-1011,-1022,-1022,
-1032,-1032,-1032]} 1. e4 e5 2. Nf3 Nc6 3. Nc3 Nf6 4. d4 exd4 5. Nxd4 Bb4 6.
Nxc6 bxc6 7. Bd3 d5 8. exd5 cxd5 9. O-O O-O 10. h3 h6 11. Qf3 c6 12. Bf4 Bd6
13. Ne2 Bxf4 14. Nxf4 Qb6 15. b3 Ba6 16. Rfe1 Rfe8 17. a4 Bxd3 18. Qxd3 Rxe1+
19. Rxe1 Qb4 20. Qe3 Re8 21. Qxe8+ Nxe8 22. Rxe8+ Kh7 23. g3 Qd2 24. Re7 Qxc2
25. Rxf7 d4 26. Rd7 c5 27. Rd5 Qxb3 28. Rxc5 d3 29. Nxd3 Qxd3 30. a5 Qd4 31.
Rf5 g6 32. Rb5 a6 33. Rb7+ Kg8 34. Rb8+ Kf7 35. Rb7+ Kf8 36. Rb8+ Ke7 37. Rb7+
Kd8 38. Rb8+ Kc7 39. Rb6 Qxb6 40. axb6+ Kxb6 41. Kf1 Kc5 42. Ke2 Kd4 43. f3 Kc3
44. h4 Kd4 45. g4 h5 46. Kd2 a5 47. Ke2 a4 48. Kd2 a3 49. Kc2 Ke3 50. Kb3 Kxf3
51. gxh5 gxh5 52. Kxa3 Kg3 0-1

[Event "54smm A Ehrenburg-Klausen"]
[Site "?"]
[Date "2022.12.03"]
[Round "3.3"]
[White "Haller, Quentin"]
[Black "Hengl, Philip"]
[Result "1/2-1/2"]
[WhiteElo "1997"]
[BlackElo "1935"]
[PlyCount "174"]
[EventDate "2022.12.03"]

{[%evp 0,174,29,34,24,6,6,-6,6,-20,0,12,11,1,11,13,9,-17,-27,-16,-6,-14,1,-23,
-6,-28,9,11,8,-4,23,11,-4,-2,-1,-13,-14,-18,-20,0,2,0,7, 14,14,19,73,29,35,26,
24,25,44,20,22,16,46,26,66,61,61,61,89,83,91,91,91,92,92,92,91,92,95,91,84,92,
89,93,104,106,107,107,113,10 9,105,101,100,101,105,101,101,101,105,105,101,101,
105,105,105,93,105,103,103,95,105,100,101,112,112,105,112,105,112,105,105,93,
94,94,99,90,104,97,105,104,105,90,97,99,99,105,105,97,105,105,104,104,105,104,
105,105,105,104,104,104,104,104,104,104,104,103,1 04,104,104,104,104,110,105,
105,104,105,105,105,107,111,111,105,113,113,113,113,113,109,106,106,113,113,
113]} 1. Nf3 d5 2. c4 e6 3. e3 Nf6 4. b3 Be7 5. Bb2 O-O 6. Be2 b6 7. O-O Bb7 8.
d3 c5 9. Nbd2 Nbd7 10. Re1 Bd6 11. Bf1 Qc7 12. Rc1 Rac8 13. cxd5 exd5 14. d4
Qd8 15. Ne5 Qe7 16. Ndf3 Ne4 17. Bd3 f6 18. Nxd7 Qxd7 19. dxc5 bxc5 20. Nd2
Nxd2 21. Qxd2 g6 22. Be2 Kg7 23. h3 Qe7 24. Bf3 Rfd8 25. Red1 c4 26. Kh1 Bb4
27. Qd4 Bc5 28. Qh4 cxb3 29. axb3 Ba3 30. Rxc8 Rxc8 31. Bxa3 Qxa3 32. Bxd5 Rc1
33. Qd4 Bxd5 34. Qxd5 Rxd1+ 35. Qxd1 Qc5 36. Kg1 Qb5 37. Qc2 Qb6 38. Qd3 a5 39.
Qd7+ Kg8 40. Qd5+ Kg7 41. g3 Qc7 42. h4 h5 43. Kg2 Kh7 44. Qe6 Kg7 45. Qd5 Kh7
46. Qb5 Kg7 47. b4 axb4 48. Qxb4 Qc6+ 49. Kg1 Qc1+ 50. Kh2 Qc7 51. Qe4 Qd7 52.
Qd4 Qc7 53. e4 Kf7 54. Qd5+ Kg7 55. Kg2 Kf8 56. Qd2 Kg7 57. Kh2 Qc6 58. Qf4 Qc5
59. Qd2 Qc6 60. Qe2 Kf7 61. Qe3 Qb7 62. e5 fxe5 63. Qxe5 Kg8 64. Qe2 Qd7 65.
Kg2 Kg7 66. Qb2+ Kh7 67. Qf6 Qd5+ 68. Qf3 Qd7 69. Kf1 Qb5+ 70. Ke1 Qb1+ 71. Kd2
Qb2+ 72. Ke3 Qb3+ 73. Kf4 Qf7+ 74. Ke3 Qb3+ 75. Ke2 Qe6+ 76. Qe3 Qc4+ 77. Kd2
Qa2+ 78. Kd3 Qa6+ 79. Kd4 Qb6+ 80. Kd5 Qb5+ 81. Kd6 Qb8+ 82. Ke7 Qc7+ 83. Kf8
Qg7+ 84. Ke8 Qg8+ 85. Kd7 Qd5+ 86. Ke7 Qb7+ 87. Kf8 Qg7+ 1/2-1/2

[Event "54smm A Ehrenburg-Klausen"]
[Site "?"]
[Date "2022.12.03"]
[Round "3.4"]
[White "Babinetz, Rainer"]
[Black "Seebacher, Reinhard"]
[Result "1/2-1/2"]
[WhiteElo "1933"]
[BlackElo "1908"]
[PlyCount "87"]
[EventDate "2022.12.03"]

{[%evp 0,87,29,28,29,6,48,45,39,1,56,1,17,26,36,-2,13,13,21,19,12,21,27,33,30,
36,25,3,33,34,43,22,57,33,51,49,34,33,54,86,84,82,93,65, 116,113,106,88,94,89,
102,82,88,61,45,32,27,23,27,27,23,23,24,26,26,26,26,-4,42,21,24,0,0,0,-29,-25,
-31,-31,-25,-22,-34,-41,-41, -26,0,0,15,0,0,0]} 1. d4 d5 2. c4 c6 3. Nf3 Nf6 4.
Nc3 e6 5. Bg5 Nbd7 6. e3 Bb4 7. a3 Bxc3+ 8. bxc3 Qa5 9. Qb3 Ne4 10. Qb4 Qxb4
11. cxb4 Nxg5 12. Nxg5 O-O 13. Rc1 dxc4 14. Bxc4 e5 15. d5 cxd5 16. Bxd5 Nb6
17. Bb3 Bd7 18. O-O Bc6 19. Rfd1 a6 20. Rc5 Rae8 21. Rd6 h6 22. Nf3 Nc8 23. Rd1
Bxf3 24. gxf3 Re7 25. Rcd5 Rfe8 26. Rd7 Kf8 27. Kf1 Rxd7 28. Rxd7 Re7 29. Rd8+
Re8 30. Rd5 f6 31. Ke2 Ke7 32. Rc5 Kd6 33. e4 Nb6 34. a4 Nd7 35. Rd5+ Ke7 36.
a5 Rc8 37. Ba4 Nf8 38. Kd2 Rc7 39. b5 axb5 40. Rxb5 Ne6 41. Rb4 g5 42. Bb3 Nd8
43. Bd5 Rc5 44. Bxb7 1/2-1/2

[Event "54smm A Ehrenburg-Klausen"]
[Site "?"]
[Date "2022.12.03"]
[Round "3.5"]
[White "Schrott, Karl"]
[Black "Gruber, Alexander"]
[Result "0-1"]
[WhiteElo "1959"]
[BlackElo "1837"]
[PlyCount "86"]
[EventDate "2022.12.03"]

{[%evp 0,86,29,29,24,26,24,6,6,6,15,11,10,-6,25,25,13,-18,-7,-8,23,4,14,4,7,
-11,96,71,59,59,51,54,75,95,69,53,70,-8,34,36,33,40,38,-7, -3,-169,-126,-126,
-122,-93,50,-136,-136,-143,-113,-240,-139,-176,-54,-69,-11,-62,-65,-94,-32,
-116,-97,-101,-84,-177,-177,-146,- 175,-181,-165,-177,-164,-402,-424,-362,-419,
-448,-595,-602,-608,-872,-870,-1351,-603]} 1. d4 d5 2. Nf3 Nf6 3. c4 e6 4. Nc3
Be7 5. e3 O-O 6. Qc2 b6 7. cxd5 exd5 8. Bd3 Bb7 9. O-O Nbd7 10. a4 a6 11. Bd2
c5 12. Ne5 Rc8 13. Nxd7 Nxd7 14. Bxh7+ Kh8 15. Bd3 Bf6 16. Qd1 g6 17. Ne2 Kg7
18. dxc5 bxc5 19. Bc3 Ne5 20. Bc2 Rh8 21. Ng3 d4 22. Bd2 d3 23. Bb1 Qd7 24. e4
Ng4 25. Bc3 Bxc3 26. bxc3 c4 27. Ba2 Rc5 28. Rb1 Nf6 29. Re1 a5 30. f3 Bc6 31.
Qd2 Bxa4 32. Nf1 Qc7 33. Qe3 Bc2 34. Rb2 a4 35. Rb4 Bb3 36. Bxb3 axb3 37. h3
Ra8 38. e5 Nd5 39. Qd4 Nxb4 40. e6+ f6 41. cxb4 Re5 42. Rxe5 fxe5 43. Qc3 Ra2
0-1

[Event "54smm A Ehrenburg-Klausen"]
[Site "?"]
[Date "2022.12.03"]
[Round "3.6"]
[White "Mairhofer, Lino"]
[Black "Schrott, Johann"]
[Result "1/2-1/2"]
[WhiteElo "1740"]
[BlackElo "1813"]
[PlyCount "37"]
[EventDate "2022.12.03"]

{[%evp 0,37,29,14,34,14,25,-20,22,39,35,36,31,27,6,8,-2,-7,-7,0,88,69,69,118,
66,79,96,102,95,125,129,91,63,66,72,74,68,40,63,54]} 1. e4 c5 2. d4 cxd4 3. c3
dxc3 4. Nxc3 Nc6 5. Nf3 d6 6. Bc4 e6 7. Qe2 Be7 8. O-O Nf6 9. Rd1 Nd7 10. Nb5
Nde5 11. Nxe5 Nxe5 12. Bf4 Nxc4 13. Qxc4 O-O 14. Nxd6 Qa5 15. b4 Qh5 16. e5
Bxd6 17. exd6 Bd7 18. Qc5 Qxc5 19. bxc5 1/2-1/2

[Event "54smm A Groden-Arci"]
[Site "?"]
[Date "2022.??.??"]
[Round "?"]
[White "Olivetti, Davide"]
[Black "Moroder, Stephan"]
[Result "0-1"]
[WhiteElo "2064"]
[BlackElo "2146"]
[PlyCount "82"]
[EventDate "2022.12.03"]

1. e4 e6 2. d4 d5 3. Nc3 Bb4 4. Nge2 Nc6 5. e5 f6 6. Nf4 fxe5 7. Qh5+ g6 8.
Nxg6 Nf6 9. Qh4 exd4 10. Bg5 dxc3 11. O-O-O hxg6 12. Qxh8+ Kf7 13. Qh4 e5 14.
Rxd5 cxb2+ 15. Kb1 Qxd5 16. Bc4 Qxc4 17. Qxc4+ Be6 18. Qh4 Be7 19. Rd1 Nd4 20.
Kxb2 Nf5 21. Qa4 Nd6 22. Qh4 a5 23. g4 a4 24. Rd3 e4 25. Rc3 Nb5 26. Rg3 a3+
27. Kb1 Rd8 28. Rg1 Nc3+ 29. Ka1 Nxa2 30. f4 exf3 31. Rf1 Nc3 32. Bf4 Nh5 33.
Bg5 Nf6 34. Bf4 Bxg4 35. Be5 Nce4 36. Qh6 Rd5 37. h3 Bh5 38. Bxc7 Bc5 39. c3 f2
40. Qf4 Be2 41. Rb1 Rf5 0-1

[Event "54smm A Groden-Arci"]
[Site "?"]
[Date "2022.12.03"]
[Round "3.2"]
[White "Casadio, Niccolo"]
[Black "Zammarchi, Massimo"]
[Result "1-0"]
[WhiteElo "2083"]
[BlackElo "1936"]
[PlyCount "47"]
[EventDate "2022.12.03"]

{[%evp 0,47,19,28,41,12,12,21,19,11,34,36,56,16,25,-13,30,-23,-14,-27,5,12,20,
29,22,32,35,6,0,38,55,40,59,84,75,75,130,80,107,110,95,6 3,77,65,65,45,42,35,
336,361]} 1. e4 e5 2. Nf3 Nc6 3. Bc4 Bc5 4. O-O d6 5. c3 Nf6 6. d3 O-O 7. Nbd2
a6 8. Bb3 Qe7 9. h3 Ba7 10. Re1 h6 11. Nf1 Nh5 12. Be3 Qf6 13. Bxa7 Rxa7 14.
Ne3 Nf4 15. Nd5 Nxd5 16. exd5 Ne7 17. d4 e4 18. Rxe4 Bf5 19. Re1 Raa8 20. Nh2
Rae8 21. Qf3 Ng6 22. Ng4 Qg5 23. Ne3 Nf4 24. h4 1-0

[Event "54smm A Groden-Arci"]
[Site "?"]
[Date "2022.12.03"]
[Round "3.3"]
[White "Perino, Alberto"]
[Black "Demetz, Rainer"]
[Result "0-1"]
[WhiteElo "1895"]
[BlackElo "2174"]
[PlyCount "60"]
[EventDate "2022.12.03"]

{[%evp 0,60,41,14,14,21,74,69,88,71,72,6,6,31,93,37,46,50,53,53,101,50,82,7,86,
16,16,16,24,-9,-26,-70,-70,-140,-46,-52,-57,-120,-114,- 108,-135,-122,-121,-86,
-81,-200,-191,-199,-203,-214,-193,-352,-346,-341,-341,-390,-368,-364,-344,-399,
-363,-516,-360]} 1. e4 e5 2. Nf3 d6 3. d4 Nf6 4. dxe5 Nxe4 5. Qd5 Nc5 6. Bg5
Qd7 7. exd6 Bxd6 8. Nc3 O-O 9. O-O-O a6 10. Be3 Qc6 11. Qh5 Be6 12. Ng5 Bf5 13.
Bc4 Bg6 14. Qg4 Nbd7 15. f4 Nf6 16. Qh3 Qd7 17. Qxd7 Ncxd7 18. h3 Rae8 19. Bd2
h6 20. Nf3 b5 21. Bb3 c5 22. a4 c4 23. Ba2 b4 24. Nb1 Rc8 25. Be3 b3 26. Bxb3
cxb3 27. Rxd6 Rxc2+ 28. Kd1 Rxb2 29. Nbd2 Ra2 30. Ke2 Ne4 0-1

[Event "54smm A Groden-Arci"]
[Site "?"]
[Date "2022.12.03"]
[Round "3.4"]
[White "Bernardi, Ruben"]
[Black "Keim, Simon"]
[Result "1-0"]
[WhiteElo "2032"]
[BlackElo "1778"]
[PlyCount "69"]
[EventDate "2022.12.03"]

{[%evp 0,69,34,14,51,16,6,5,14,-2,-6,-4,12,-16,-17,-3,-5,9,13,26,27,17,17,40,
48,46,52,74,79,61,77,76,83,76,83,87,109,103,121,95,138,93 ,121,109,119,130,132,
166,170,132,165,110,152,151,262,238,323,328,376,382,394,415,443,435,433,464,
464,476,476,474,897,889]} 1. e4 c5 2. c3 e6 3. d4 d5 4. e5 Nc6 5. Nf3 Bd7 6. a3
Qb6 7. b4 cxd4 8. cxd4 Rc8 9. Bb2 Be7 10. Nbd2 Nh6 11. Bd3 O-O 12. O-O f5 13.
Nb3 Nf7 14. h4 Nb8 15. Nc5 Bxc5 16. dxc5 Qd8 17. g3 a5 18. Qe2 Qe8 19. Rfe1 Nd8
20. Rac1 axb4 21. axb4 Ndc6 22. Bc3 Na7 23. Nd4 Nbc6 24. Nb3 f4 25. Bd2 f3 26.
Qe3 Qh5 27. b5 d4 28. Qe4 Ne7 29. Nxd4 Nd5 30. Bg5 Qg6 31. Qxd5 exd5 32. Bxg6
hxg6 33. c6 bxc6 34. e6 Be8 35. b6 1-0

[Event "54smm A Groden-Arci"]
[Site "?"]
[Date "2022.12.03"]
[Round "3.5"]
[White "D'Ambrosio, Luca"]
[Black "Moroder, Thomas"]
[Result "0-1"]
[WhiteElo "1721"]
[BlackElo "1989"]
[PlyCount "70"]
[EventDate "2022.12.03"]

{[%evp 0,70,28,18,30,-4,27,-2,43,22,30,19,15,11,32,4,32,26,27,11,-4,-10,-12,
-18,-17,-9,-20,-17,-30,-25,0,0,4,10,13,-13,-1,-4,-5,2,5,0, -2,-2,-8,-51,-44,
-44,-7,-39,-33,-75,-57,-62,-55,-80,-70,-78,-89,-83,-76,-96,-103,-123,-106,-109,
-106,-110,-103,-269,-282,-286,- 313]} 1. d4 Nf6 2. Bg5 Ne4 3. Bh4 c5 4. Nd2
Nxd2 5. Qxd2 cxd4 6. Nf3 Nc6 7. Nxd4 Qb6 8. O-O-O g6 9. Nxc6 bxc6 10. Qd4 Rg8
11. Qxb6 axb6 12. Kb1 d5 13. Bg3 Bg7 14. Bc7 b5 15. e4 Be6 16. exd5 Bxd5 17. b3
Kd7 18. Bb6 Rxa2 19. Rxd5+ cxd5 20. Bxb5+ Kd6 21. Kxa2 Rb8 22. Be3 Rxb5 23. Bd2
d4 24. Rd1 Kc5 25. Bc1 Ra5+ 26. Kb1 Ra6 27. Bb2 e5 28. f3 f5 29. c3 Kd5 30.
cxd4 exd4 31. Re1 Be5 32. Rd1 Re6 33. Kc2 Bf6 34. Rd3 Re2+ 35. Rd2 d3+ 0-1

[Event "54smm A Groden-Arci"]
[Site "?"]
[Date "2022.12.03"]
[Round "3.6"]
[White "Grossi, Christian"]
[Black "De Nisi, Roberta"]
[Result "1-0"]
[WhiteElo "1885"]
[BlackElo "1814"]
[PlyCount "57"]
[EventDate "2022.12.03"]

{[%evp 0,57,32,32,68,66,99,78,69,25,97,65,56,57,107,71,117,128,132,115,113,133,
111,61,148,138,147,140,145,151,144,123,122,111,148,152, 165,130,129,125,133,
133,149,149,160,176,160,122,213,160,186,226,245,221,275,273,335,389,643,677]} 
1. d4 f5 2. Nf3 g6 3. h4 Nf6 4. h5 Rg8 5. h6 d5 6. Bf4 Be6 7. Nbd2 Nbd7 8. Ng5
Bf7 9. Ndf3 e6 10. e3 Bd6 11. Ne5 Rf8 12. Ngxf7 Rxf7 13. Nxf7 Kxf7 14. Bg5 c6
15. Bxf6 Nxf6 16. c3 b5 17. a4 a6 18. axb5 axb5 19. Bd3 e5 20. dxe5 Bxe5 21.
Ke2 Rb8 22. Ra7+ Bc7 23. Qa1 Qd7 24. Ra8 Re8 25. Rxe8 Qxe8 26. Qa7 Qd7 27. Ra1
Ng4 28. Qb7 Nxf2 29. Ra7 1-0

[Event "54smm A Naturns-Merania"]
[Site "?"]
[Date "2022.12.03"]
[Round "3.1"]
[White "Bonagura, Stefano"]
[Black "Unterthurner, Hans"]
[Result "1-0"]
[WhiteElo "2213"]
[BlackElo "1915"]
[PlyCount "63"]
[EventDate "2022.12.03"]

{[%evp 0,63,28,28,29,24,47,30,44,23,19,3,-3,-19,47,18,23,25,18,6,6,-19,5,8,8,6,
33,26,36,51,38,51,41,36,48,15,66,18,8,25,22,-1,27,22,22 ,4,6,4,0,0,-16,-39,0,0,
0,-24,-18,-22,-20,-53,126,185,29997,29998,29999,-30000]} 1. d4 Nf6 2. Nf3 g6 3.
Bg5 Bg7 4. Nbd2 d5 5. c3 O-O 6. e3 Nbd7 7. Bd3 b6 8. O-O Bb7 9. Qb1 c5 10. b4
cxb4 11. cxb4 Rc8 12. a4 Rc3 13. a5 bxa5 14. bxa5 Qc8 15. a6 Ba8 16. Rc1 Qc6
17. Rxc3 Qxc3 18. Qf1 Rc8 19. Bb5 Nb6 20. Rd1 Qb4 21. Rb1 Qa3 22. Bxf6 exf6 23.
Nb3 Bf8 24. Nfd2 Rc3 25. h4 Bd6 26. h5 Kg7 27. hxg6 hxg6 28. g3 Nc4 29. Qh3 Nb6
30. Kg2 Kf8 31. Qh8+ Ke7 32. Qe8# 1-0

[Event "54smm A Naturns-Merania"]
[Site "?"]
[Date "2022.12.03"]
[Round "3.2"]
[White "Gurschler, Thomas"]
[Black "Lami, Damiano"]
[Result "0-1"]
[WhiteElo "1840"]
[BlackElo "2039"]
[PlyCount "80"]
[EventDate "2022.12.03"]

{[%evp 0,80,28,24,13,13,55,41,59,49,80,27,50,59,54,24,28,-34,-12,-28,-16,-14,
-27,-28,-22,-45,-54,-62,-66,-79,-81,-102,-119,-119,-81,-3 8,-55,-32,-41,-39,
-41,-109,-6,-60,-51,-43,-39,-32,-44,-38,0,-4,-3,-19,-4,-27,-15,-12,5,-44,-44,
-169,-139,-139,-170,-238,-236,-2 81,-282,-342,-432,-470,-479,-601,-766,-848,
-397,-880,-949,-29995,-29992,-29993,-29994]} 1. d4 d5 2. Bf4 c5 3. e3 Nc6 4.
Nf3 f6 5. c3 Qb6 6. Qb3 c4 7. Qc2 Bf5 8. Qc1 g5 9. Bg3 h5 10. h3 Qd8 11. Be2 e6
12. Nfd2 b5 13. f3 h4 14. Bh2 Bd6 15. Bxd6 Qxd6 16. e4 dxe4 17. Nxe4 Bxe4 18.
fxe4 Qg3+ 19. Kf1 Nge7 20. Na3 O-O 21. Nc2 f5 22. e5 Nd5 23. Qe1 Qf4+ 24. Qf2
Nce7 25. Qxf4 Nxf4 26. Ne3 Rab8 27. Kf2 Nxe2 28. Kxe2 Ng6 29. a4 b4 30. Nxc4
bxc3 31. bxc3 Rfc8 32. Nd6 Rb2+ 33. Kd1 Rxc3 34. Rc1 Rd3+ 35. Ke1 Nf4 36. Rg1
Re3+ 37. Kd1 Ree2 38. Rc8+ Kh7 39. Ne8 Rbd2+ 40. Kc1 Nd3+ 0-1

[Event "54smm A Naturns-Merania"]
[Site "?"]
[Date "2022.12.03"]
[Round "3.3"]
[White "Zuev, Mikhail"]
[Black "Gurschler, Gregor"]
[Result "1-0"]
[WhiteElo "1726"]
[BlackElo "1802"]
[PlyCount "95"]
[EventDate "2022.12.03"]

{[%evp 0,95,24,-17,-27,-25,16,-1,41,20,27,9,33,23,33,33,46,17,11,-2,4,-19,-18,
-19,-23,-38,-16,-17,-13,-45,-39,-57,-65,-73,-81,-74,-29, -19,-57,-154,-47,-179,
-159,-169,-2,-3,0,5,15,-27,16,4,-45,-19,-19,-55,-4,-68,-50,-104,-5,-4,-33,-47,
10,-19,-19,-4,-4,0,-17,-29, 0,-107,-73,-71,-71,-127,-90,-84,-75,-109,1,-10,61,
87,98,93,82,78,100,97,500,579,542,582,585,585]} 1. c4 e5 2. Nc3 d6 3. g3 f5 4.
Bg2 Nf6 5. d3 c6 6. Bg5 Be7 7. Nf3 Na6 8. O-O O-O 9. Rb1 h6 10. Bxf6 Bxf6 11.
Nd2 Nc7 12. Qb3 Kh8 13. Rfd1 Ne6 14. Nf3 g5 15. Qc2 g4 16. Ne1 Bg5 17. b4 Nd4
18. Qb2 f4 19. Ne4 f3 20. Bf1 fxe2 21. Bxe2 Nxe2+ 22. Qxe2 d5 23. Nxg5 Qxg5 24.
Ng2 Bd7 25. Re1 Rae8 26. cxd5 cxd5 27. Ne3 Be6 28. Qc2 Qf6 29. Re2 Qf3 30. Ng2
Qf6 31. Rbe1 Bf5 32. Ne3 Be6 33. Qc5 b6 34. Qb5 d4 35. Nc2 Bg8 36. Qd7 Bh7 37.
Rd1 h5 38. Ne1 e4 39. dxe4 Rxe4 40. Red2 Rfe8 41. Ng2 d3 42. Rxd3 Re2 43. Qd4
Qxd4 44. Rxd4 Rxa2 45. Nf4 Re5 46. Rd8+ Kg7 47. R1d7+ Kh6 48. Rh8 1-0

[Event "54smm A Naturns-Merania"]
[Site "?"]
[Date "2022.12.03"]
[Round "3.4"]
[White "Naegele, Raimund"]
[Black "Battiston, Claudio"]
[Result "1/2-1/2"]
[WhiteElo "1664"]
[BlackElo "1806"]
[PlyCount "84"]
[EventDate "2022.12.03"]

{[%evp 0,84,24,13,24,24,47,27,6,2,26,-5,-9,13,19,1,13,11,12,14,37,4,21,30,14,
10,2,16,10,-8,-16,-19,-26,-26,-5,-19,3,-7,0,10,-1,1,-2,-3 3,-40,-40,-37,-40,
-38,-35,-35,-39,-37,-40,-23,-40,-42,-44,-40,-35,-40,-64,-57,-54,-34,-34,-11,
-31,-30,-47,-50,-45,14,1,0,-16,0, -16,0,0,8,-64,-53,-65,-53,-65,-74]} 1. d4 Nf6
2. Nf3 g6 3. e3 Bg7 4. Bd3 d6 5. Nbd2 O-O 6. O-O Nbd7 7. Re1 Re8 8. c3 e5 9. e4
c6 10. Nf1 Qc7 11. Ng3 Nf8 12. h3 Ne6 13. Be3 b6 14. dxe5 dxe5 15. Qb3 Bb7 16.
Rad1 Rad8 17. Bc4 Bc8 18. Ng5 Nxg5 19. Bxg5 Be6 20. Rxd8 Qxd8 21. Rd1 Bxc4 22.
Rxd8 Bxb3 23. Rxe8+ Nxe8 24. axb3 f6 25. Be3 Kf7 26. Kf1 Ke6 27. Ne2 Nd6 28. f3
f5 29. exf5+ gxf5 30. Bf2 Bh6 31. Ke1 f4 32. c4 e4 33. fxe4 Nxe4 34. Nc3 Ke5
35. Ke2 Nd6 36. Kf3 Nf5 37. Ne2 c5 38. Nc3 Nd4+ 39. Bxd4+ cxd4 40. Nd1 d3 41.
Nc3 Kd4 42. Ne4 a5 1/2-1/2